| Поле | Название | Значение |
| |
Тип записи |
a |
| |
Библиографический уровень |
m |
| 001 |
Контрольный номер |
RU\infra-m\znanium\bibl\2227005 |
| 005 |
Дата корректировки |
20260429142110.7 |
| 008 |
Кодируемые данные |
250923s2025 RU g rus u |
| 020 |
Индекс ISBN |
__ |
| a |
ISBN |
978-5-9729-2290-1 |
| 040 |
Источник каталогиз. |
__ |
| a |
Служба первич. каталог. |
Общество с ограниченной ответственностью «ЗНАНИУМ» |
| 041 |
Код языка издания |
__ |
| a |
Код языка текста |
rus |
| 044 |
Код страны публикации |
__ |
| a |
Код страны публикации |
RU |
| 080 |
Индекс УДК |
__ |
| a |
Индекс УДК |
621 |
| 084 |
Индекс другой классификации/Индекс ББК |
__ |
| 2 |
Источник индекса |
rubbk |
| a |
Индекс другой классификации/Индекс ББК |
3284 |
| 084 |
Индекс другой классификации/Индекс ББК |
__ |
| 2 |
Источник индекса |
okso |
| a |
Индекс другой классификации/Индекс ББК |
11.03.01 |
| 084 |
Индекс другой классификации/Индекс ББК |
__ |
| 2 |
Источник индекса |
okso |
| a |
Индекс другой классификации/Индекс ББК |
11.03.02 |
| 084 |
Индекс другой классификации/Индекс ББК |
__ |
| 2 |
Источник индекса |
okso |
| a |
Индекс другой классификации/Индекс ББК |
11.03.04 |
| 100 |
Автор |
__ |
| a |
Автор |
Микаева С.А. |
| q |
Полное имя |
Микаева Светлана Анатольевна |
| u |
Дополнение |
МИРЭА - Российский технологический университет |
| 245 |
Заглавие |
__ |
| a |
Заглавие |
Полупроводниковые приборы и источники света. Цифровые электронные устройства. Алгоритмы обработки цифровой информации. Практикум |
| b |
Продолж. заглавия |
Учебное пособие |
| c |
Ответственность |
МИРЭА - Российский технологический университет |
| 250 |
Сведения об издании |
__ |
| a |
Основные сведения об издании |
1 |
| 260 |
Выходные данные |
__ |
| a |
Место издания |
Вологда |
| b |
Издательство |
Инфра-Инженерия |
| c |
Дата издания |
2025 |
| 300 |
Физическое описание |
__ |
| a |
Объем |
120 с. |
| 520 |
Аннотация |
__ |
| a |
Аннотация |
Излагаются задачи и тесты к которым приведены ответы. Описаны различные виды полупроводниковых электронных приборов и устройств в том числе полупроводниковые источники света. Описаны цифровые электронные устройства и алгоритмы обработки цифровой информации. Для студентов и специалистов в области приборостроения и радиоэлектроники информатики инженерно-технических и научных работников занятых разработкой производством и применением промышленных электронных устройств. |
| 521 |
Примеч. о цел. назн. |
__ |
| a |
Примеч. о целев. назн. |
ВО - Бакалавриат |
| 650 |
Тематические рубрики |
__ |
| a |
Основная рубрика |
Радиоэлектроника. Автоматика. Связь |
| x |
Основная подрубрика |
Теоретическая радиотехника |
| 655 |
Указ. предметных рубрик (устаревшее) |
__ |
| a |
Жанр/ форма (устаревшее) |
Учебное пособие |
| 700 |
Другие авторы |
__ |
| a |
Другие авторы |
Журавлева Ю.А. |
| q |
Полное имя |
Журавлева Юлия Алексеевна |
| u |
Дополнение |
МИРЭА - Российский технологический университет |
| 856 |
Электронный адрес документа |
4_ |
| a |
Имя сервера/домена |
znanium.ru |
| m |
Помощь |
ebs_support@infra-m.ru |
| n |
Местонахождение сервера |
НИЦ ИНФРА-М |
| u |
URL |
https://znanium.ru/catalog/document?id=470330 |
| 856 |
Электронный адрес документа |
48 |
| a |
Имя сервера/домена |
znanium.ru |
| d |
Путь |
/cover/2227 |
| f |
Электронное имя |
2227005.jpg |
| q |
Тип электронного формата |
image/jpeg |
| u |
URL |
https://znanium.ru/cover/2227/2227005.jpg |
| 911 |
|
__ |
| u |
|
0030=https://znanium.ru/catalog/document?id=470330 |